000 00757nam a2200229Ia 4500
003 GCL
008 140319s9999 xx 000 0 ara d
020 _a2360270977
040 _aGCL /
_cGCL
082 0 4 _a823.03
_bب و
100 1 _aمحمد حجى
245 1 0 _aولم يقل كلمة :
_bAND NEVER SAIDA WORD /
_cمحمد حجى
700 1 _aياسين طه حافظ
700 1 _aبل ، هاينرش
250 _aالاولى
260 _aالقاهرة :
_bالدار المصرية اللبنانية ،
_c1998
300 _a222 ص ؛
_c22 سم
490 _aرويات جائزة نوبل
_v12
650 0 4 _aالقصص الانجليزية المترجمة
650 0 4 _aالادب الانجليزى المترجم
942 _2ddc
_cBK
999 _c7998
_d7998